Journal of the Faculty of Science. Tōkyō Daigaku Rigakubu kiyō. Dai 1-rui, Sūgaku. Section 1A, Mathematics =

Bibliographic Details
New Title:Scientific papers of the College of Arts and Sciences, the University of Tokyo
Journal of mathematical sciences, the University of Tokyo
Previous Title:Journal of the Faculty of Science. Section 1, Mathematics, astronomy, physics, chemistry
Corporate Author: Tōkyō Daigaku. Rigakubu
Format: Journal
Language:English
French
German
Language Notes:Later issues in English, French, and German.
Published: Tokyo : The University of Tokyo, 1970-1994.
Subjects:
Online Availability: Check for online availability

MARC

Tag First Indicator Second Indicator Subfields
LEADER 00000cas a2200000 a 4500
001 in00000093451
005 20150927070146.0
008 750901d19701994ja tu p f0 d0engrd
010 |a  79648401  
022 |a 0040-8980 
030 |a JFTMAT 
035 |a (OCoLC)01590569 
035 |9 AAL5297AM 
040 |a MUL  |c MUL  |d COO  |d DLC  |d NST  |d DLC  |d AIP  |d NST  |d DLC  |d NST  |d IUL  |d WAU  |d DLC  |d TXA  |d UtOrBLW 
041 0 |a eng  |a fre  |a ger 
042 |a lc 
049 |a TXAE 
050 0 0 |a QA1  |b .T668a 
090 |a QA1  |b .T68 
245 0 0 |a Journal of the Faculty of Science.  |n Section 1A,  |p  Mathematics =  |b Tōkyō Daigaku Rigakubu kiyō. Dai 1-rui, Sūgaku. 
246 1 1 |a Tōkyō Daigaku Rigakubu kiyō.  |n Dai 1-rui,  |p Sūgaku 
246 3 1 |a Tōkyō Daigaku Rigakubu kiyō. Dai 1-rui, Sūgaku. 
264 1 |a Tokyo :  |b The University of Tokyo,  |c 1970-1994. 
300 |a 24 volumes ;  |c 26 cm. 
310 |a Three issues per year 
336 |a text  |b txt  |2 rdacontent 
337 |a unmediated  |b n  |2 rdamedia 
338 |a volume  |b nc  |2 rdacarrier 
362 1 |a Began with v. 17, no. 1 & 2; ceased with v. 40, no. 3.  |z Cf. per OCLC. 
500 |a Evans description based on: Volume 18, number 1 published Mar. 30, 1971; title from cover. 
510 0 |a Mathematical reviews  |x 0025-5629 
546 |a Later issues in English, French, and German. 
580 |a Merged with the mathematical portion of: Scientific papers of the College of Arts and Sciences, the University of Tokyo, to form: Journal of Mathematic sciences, the University of Tokyo. 
650 0 |a Mathematics  |v Periodicals. 
710 2 |a Tōkyō Daigaku.  |b Rigakubu. 
780 0 1 |t Journal of the Faculty of Science. Section 1, Mathematics, astronomy, physics, chemistry  |w (DLC) 33037069  |w (OCoLC)18798480 
785 1 7 |t Scientific papers of the College of Arts and Sciences, the University of Tokyo  |x 0289-7520  |w (DLC) 84642584  |w (OCoLC)9935039 
785 1 7 |t Journal of mathematical sciences, the University of Tokyo  |w (DLC) 95659541  |w (OCoLC)31525643 
999 |a MARS 
999 f f |s f556afa4-0c01-3e52-a869-1f2d0dc903b6  |i 59514462-db35-36fd-9f90-bcc438708b1f  |t 0 
952 f f |p ric  |a Texas A&M University  |b Rellis Campus  |c Joint Library Facility  |d Remote Storage  |t 0  |e QA1 .T68  |h Library of Congress classification  |i unmediated -- volume  |k v.33  |l 1986  |m A14811401981 
952 f f |p ric  |a Texas A&M University  |b Rellis Campus  |c Joint Library Facility  |d Remote Storage  |t 0  |e QA1 .T68  |h Library of Congress classification  |i unmediated -- volume  |k v.30  |l 1986  |m A14838958713 
952 f f |p ric  |a Texas A&M University  |b Rellis Campus  |c Joint Library Facility  |d Remote Storage  |t 0  |e QA1 .T68  |h Library of Congress classification  |i unmediated -- volume  |k v.37:no.2-3  |l 1990  |m A14815089888 
952 f f |p ric  |a Texas A&M University  |b Rellis Campus  |c Joint Library Facility  |d Remote Storage  |t 0  |e QA1 .T68  |h Library of Congress classification  |i unmediated -- volume  |k v.24  |l 1977  |m A14839491049 
952 f f |p ric  |a Texas A&M University  |b Rellis Campus  |c Joint Library Facility  |d Remote Storage  |t 0  |e QA1 .T68  |h Library of Congress classification  |i unmediated -- volume  |k v.38  |l 1991  |m A14819049856 
952 f f |p ric  |a Texas A&M University  |b Rellis Campus  |c Joint Library Facility  |d Remote Storage  |t 0  |e QA1 .T68  |h Library of Congress classification  |i unmediated -- volume  |k v.36:no.1-2  |l 1989  |m A14812880227 
952 f f |p ric  |a Texas A&M University  |b Rellis Campus  |c Joint Library Facility  |d Remote Storage  |t 0  |e QA1 .T68  |h Library of Congress classification  |i unmediated -- volume  |k v.32  |l 1985  |m A14813887620 
952 f f |p ric  |a Texas A&M University  |b Rellis Campus  |c Joint Library Facility  |d Remote Storage  |t 0  |e QA1 .T68  |h Library of Congress classification  |i unmediated -- volume  |k v.35  |l 1988  |m A14812019606 
952 f f |p ric  |a Texas A&M University  |b Rellis Campus  |c Joint Library Facility  |d Remote Storage  |t 0  |e QA1 .T68  |h Library of Congress classification  |i unmediated -- volume  |k v.37:no.1  |l 1990:Mar.  |m A14815078853 
952 f f |p ric  |a Texas A&M University  |b Rellis Campus  |c Joint Library Facility  |d Remote Storage  |t 0  |e QA1 .T68  |h Library of Congress classification  |i unmediated -- volume  |k v.23  |l 1976  |m A14839491081 
952 f f |p ric  |a Texas A&M University  |b Rellis Campus  |c Joint Library Facility  |d Remote Storage  |t 0  |e QA1 .T68  |h Library of Congress classification  |i unmediated -- volume  |k v.36:no.3  |l 1989:Dec.  |m A14812900019 
952 f f |p ric  |a Texas A&M University  |b Rellis Campus  |c Joint Library Facility  |d Remote Storage  |t 0  |e QA1 .T68  |h Library of Congress classification  |i unmediated -- volume  |k v.20  |l 1973  |m A14817707000 
998 f f |a QA1 .T68  |s v.23-38 (1975-1991)  |t 0  |l Remote Storage